Technology Sharing and Competitiveness in a Stackelberg Model

Snaha odhaliť stratégie konkurencieschopnosti lídrov a nasledovníkov v oblasti inovácií a zdieľania technológií.Na dosiahnutie tohto cieľa sa používa metóda trojstupňovej postupnej hry. Optimalizácia rozhodnutí o zdieľaní technológií, zlepšenie konkurencieschopnosti podnikov a formulovanie efektívne...

Descripción completa

Guardado en:
Detalles Bibliográficos
Autor principal: Chen, Junlong
Otros Autores: Wei, Zihan, Liu, Jiali, Zheng, Xiaosong
Formato: Capítulo de libro
Lenguaje:inglés
Materias:
Etiquetas: Agregar Etiqueta
Sin Etiquetas, Sea el primero en etiquetar este registro!

MARC

LEADER 00000naa a2200000 4500
001 0280402
005 20230118065226.7
041 0 |a eng 
044 |a CZ 
245 1 0 |a Technology Sharing and Competitiveness in a Stackelberg Model  |c Junlong Chen, Zihan Wei, Jiali Liu, Xiaosong Zheng 
520 |a Snaha odhaliť stratégie konkurencieschopnosti lídrov a nasledovníkov v oblasti inovácií a zdieľania technológií.Na dosiahnutie tohto cieľa sa používa metóda trojstupňovej postupnej hry. Optimalizácia rozhodnutí o zdieľaní technológií, zlepšenie konkurencieschopnosti podnikov a formulovanie efektívnej priemyselnej politiky pre vládu. Praktické usmernenia pre hospodársku súťaž a spoluprácu medzi podnikmi s technologickým inovačným správaním. 
610 2 0 |a konkurencieschopnosť 
610 2 0 |a technológie nové 
610 2 0 |a inovácia 
610 2 0 |a náklady 
610 2 0 |a produkty 
610 2 0 |a poplatky 
610 2 0 |a zodpovednosť spoločenská 
610 2 0 |a podnik 
610 2 0 |a politika priemyselná 
610 2 0 |a súťaž hospodárska 
100 1 |a Chen, Junlong 
700 1 |a Wei, Zihan 
700 1 |a Liu, Jiali 
700 1 |a Zheng, Xiaosong